| 000 | 00975nam a2200289Ia 4500 | ||
|---|---|---|---|
| 003 | GCL | ||
| 008 | 140319s9999 xx 000 0 ara d | ||
| 040 |
_aGCL / _cGCL |
||
| 082 | 0 | 4 |
_aق _b913.03162174 _bا و |
| 100 | 1 | _aجاب الله على جاب الله | |
| 245 | 1 | 0 |
_aواحات مصر \ واحة سيوة / _cجاب الله على جاب الله |
| 700 | 1 | _aجمال الدين مختار | |
| 700 | 1 | _aاحمد فخرى | |
| 260 |
_a[S.N] : _bهيئة الاثار المصرية ، _c1993 |
||
| 490 |
_aنحو وعى حضارى معاصر \ سلسلة الثقافة الاثرية والتاريخية _v0 |
||
| 650 | 0 | 4 | _aالعصر الحديث |
| 650 | 0 | 4 | _aمصر |
| 650 | 0 | 4 | _aتاريخ |
| 650 | 0 | 4 | _aالاحوال الاجتماعية |
| 650 | 0 | 4 | _aمصر القديمة |
| 650 | 0 | 4 | _aالمعابد |
| 650 | 0 | 4 | _aالاثار |
| 650 | 0 | 4 | _aسيوة |
| 650 | 0 | 4 | _aمقابر |
| 650 | 0 | 4 | _aالعصر البطلمى |
| 942 |
_2ddc _cBK |
||
| 999 |
_c52529 _d52529 |
||